Flags of the Subregions - Statistics

General Stats
  • This quiz has been taken 21 times
  • The average score is 6 of 22
Answer Stats
Picture Answer % Correct
Southern Africa
100%
Central America
60%
South America
60%
Federated States of Micronesia
53%
Middle Africa
53%
Eastern Asia
47%
Central Asia
40%
Northern Africa
40%
Polynesia
40%
Western Europe
40%
South-eastern Asia
27%
Micronesia
13%
Western Asia
13%
Australasia
7%
Northern America
7%
Western Africa
7%
Carribean
0%
Eastern Africa
0%
Eastern Europe
0%
Melanesia
0%
Northern Asia
0%
Southern Europe
0%
No matching quizzes found
Score Distribution
Percent of People with Each Score
Percentile by Number Answered
Your Score History
You have not taken this quiz